| 000 | 00707cam a22002411 4500 | ||
|---|---|---|---|
| 001 | 9867302 | ||
| 003 | ARRUPE | ||
| 005 | 20151024123545.0 | ||
| 008 | 771130t19621958fr a d 000 0 fre | ||
| 010 | _a 65033693 | ||
| 035 | _a(OCoLC)3456160 | ||
| 040 |
_aDLC _cTNJ _dDLC |
||
| 042 | _apremarc | ||
| 050 | 0 | 0 |
_aPC2889 _b.G691 |
| 100 | 1 |
_aGougenheim, Georges, _d1900- _920505 |
|
| 245 | 1 | 0 | _aDictionnaire fondamental de la langue française. |
| 250 | _aNouv. éd. rev. et augm. | ||
| 260 |
_aParis, _bDidier _c[1962, c1958] |
||
| 300 |
_a283 p. _billus. _c22 cm. |
||
| 650 | 0 |
_aFrench language _vDictionaries. _920506 |
|
| 906 |
_a7 _bcbc _coclcrpl _du _encip _f19 _gy-gencatlg |
||
| 942 |
_2lcc _cMONOGRAPH |
||
| 999 |
_c123599 _d123599 |
||